La cuerda del arco (Record no. 144718)

MARC details
000 -LEADER
campo de control de longitud fija 00585nam a2200169 4500
001 - NÚMERO DE CONTROL
campo de control 144718
003 - IDENTIFICADOR DE NÚMERO DE CONTROL
campo de control ES-MaACL
007 - CAMPO FIJO DE DESCRIPCIÓN FÍSICA--INFORMACIÓN GENERAL
campo de control de longitud fija t|
008 - DATOS DE LONGITUD FIJA--INFORMACIÓN GENERAL
campo de control de longitud fija 070214s1975 sp r ||||1| spa d
100 1# - ENTRADA PRINCIPAL--NOMBRE DE PERSONA
Nombre de persona Shklovskii, Viktor Borisocich.
9 (RLIN) 106142
245 13 - MENCIÓN DEL TÍTULO
Título La cuerda del arco
Resto del título : sobre la disimilitud de lo similar /
Mención de responsabilidad, etc. Victor Sklovski ; [traducción del ruso por Victoriano Imbert].
260 ## - PUBLICACIÓN, DISTRIBUCIÓN, ETC.
Lugar de publicación, distribución, etc. Barcelona :
Nombre del editor, distribuidor, etc. Planeta,
Fecha de publicación, distribución, etc. 1975 (
Fabricante Duplex)
300 ## - DESCRIPCIÓN FÍSICA
Extensión 347 p. ;
Dimensiones 21 cm.
700 1# - ENTRADA AGREGADA--NOMBRE PERSONAL
Nombre de persona Imbert, Victoriano.
9 (RLIN) 65215
740 0# - ENTRADA AGREGADA--TÍTULO RELACIONADO/ANALÍTICO NO CONTROLADO
Título relacionado o analítico no controlado La disimilitud de lo similar.
852 ## - LOCALIZACIÓN
Ubicación ES-MaACL
Número de control de estantería E-9525
Sublocalización o colección R.94316
Holdings
Estatus retirado Estado de pérdida Estado de daño No para préstamo Biblioteca de origen Biblioteca actual Ubicación en estantería Fecha de adquisición Fuente de adquisición Total de préstamos Signatura topográfica completa Código de barras Visto por última vez Precio de reemplazo Tipo de ítem Koha
        Biblioteca del Ateneo de Madrid Biblioteca del Ateneo de Madrid Depósito 2 17/01/2008     E-9525 1150902 23/02/2023 23/02/2023 Libro impreso